| 000 | 00892nam a2200241 a 4500 | ||
|---|---|---|---|
| 001 | 000024755 | ||
| 005 | 20200930023341.0 | ||
| 008 | 110203s1967 sp a r 000 0 spa d | ||
| 040 |
_aDO-SdBNP _bspa _cBNPHU |
||
| 082 |
_a658.4013 _bS589p |
||
| 100 | 1 |
_aSimeray, Jean-Paul _950788 |
|
| 245 | 1 | 0 |
_aPrincipios y aplicaciones del control de gestión / _cJean-Paul Simeray ; traducido por Ma. Carmen Balzategui. |
| 260 |
_aBilbao, (España) : _bEdiciones Deusto, _c1967. |
||
| 300 |
_a108, [20] p. : _bil. ; _c21 cm. |
||
| 490 | 1 |
_aManuales prácticos gestión de empresas _aE _v1 |
|
| 650 | 4 |
_aControl administrativo _950789 |
|
| 650 | 4 |
_aControl total en administración _950790 |
|
| 650 | 4 |
_aControl de calidad _920593 |
|
| 650 | 4 |
_aControl interno _950791 |
|
| 700 | 1 |
_aBalzategui, Ma. Carmen _etr. _950792 |
|
| 830 | 0 |
_aManuales prácticos gestión de empresas _pE _v1 _950793 |
|
| 049 | _aBNGR | ||
| 999 |
_c24248 _d24248 |
||